000
00334nam a2200145Ia 4500
005
20251222142024.0
008
251222s9999||||xx |||||||||||||| ||spa||
020
_a
8484321843
082
_a
152.4/D22
100
_a
Damasio, Antonio R,
245
0
_a
El Error de Descartes
250
_a
3ra. ed.
264
_b
CrÃtica
942
_c
LIB
999
_c
10732
_d
10732